| 000 | 00454nam a2200157Ia 4500 | ||
|---|---|---|---|
| 003 | GCL | ||
| 008 | 140319s9999 xx 000 0 eng d | ||
| 040 |
_aGCL / _cGCL |
||
| 082 | 0 | 4 |
_a791.430967 _bU B |
| 100 | 1 | _aUKADIKE, NWACHUKWU FRANK. | |
| 245 | 1 | 0 |
_aBLACK AFICAN CINEMA / _cUKADIKE, NWACHUKWU FRANK. |
| 260 |
_a[S.N] : _bUNIVERSITY OF CALIFORNIA PRESS ، _c1994 |
||
| 300 | _a371 | ||
| 650 | 0 | 4 | _aMOTION PICTURES - AFRICA SUB - SAH |
| 942 |
_2ddc _cBK |
||
| 999 |
_c17335 _d17335 |
||